000 00793nam a2200253 i 4500
001 000014172
003 DO-SdBNP
005 20251106113413.0
007 ta
008 091207s1981 dr 001 0 spa d
040 _aDO-SdBNP
_bspa
_cBNPHU
_erda
082 4 _bR426e
_222
110 1 _aRepública Dominicana
_bSecretariado Técnico de la Presidencia
_932024
245 1 0 _aEmpleo en la zafra azucarera dominicana
264 _aSanto Domingo :
_bOficina Nacional de Planificación,
_c1981
300 _a75 paginas ;
_c28 cm.
336 _2rdacontent
_atexto
_btxt
337 _2rdamedia
_asin mediación
_bn
338 _2rdacarrier
_avolumen
_bnc
590 _aInventariado 2023 / MF
650 0 _aIndustria azucarera
_zRepública Dominicana
_97298
910 _aMFeliz
942 _2ddc
_cLBS1
999 _c13773
_d13773